000 00348pam a2200145 a 4500
020 _c
041 _aeng
082 _bDES
100 _aDesnosier, NW,
_eDenosier, JN.
245 _aThe Technilogy Of food Preservation
_hTextual Documents
250 _a2004.
260 _a[s.l]:
_bCBS PUB and Distributors.
300 _a558 pg .
930 _a9350
999 _c86255
_d86255